| 000 | 00446nam a2200181Ia 4500 | ||
|---|---|---|---|
| 005 | 20240823022822.0 | ||
| 008 | 240823s9999||||xx |||||||||||||| ||und|| | ||
| 041 | _aENGLISH | ||
| 082 | _A658.848 P8 | ||
| 100 | _a"Cherunilam,Francis" | ||
| 245 | 0 | _aIntenational Trade and Export Management | |
| 250 | _a16th | ||
| 260 |
_c2008 _b"Himalaya,B" |
||
| 500 | _aYES | ||
| 650 |
_aManagement _bManagement Studies |
||
| 942 | _cBK | ||
| 999 |
_c180073 _d180073 |
||